Representación /

Obra sobre el concepto de representación en el pensamiento político moderno, refiriéndose tanto la representación de los derechos individuales como de los intereses colectivos. A su vez, analiza las crisis actuales de instituciones representativas como parlamentos y partidos políticos.

I tiakina i:
Ngā taipitopito rārangi puna kōrero
Kaituhi matua: Accarino, Bruno (autor)
Hōputu: Pukapuka
Reo:Pāniora
I whakaputaina: Buenos Aires, Argentina : Nueva Visión, 2003, c2003
Rangatū:(Claves. Problemas)
Ngā marau:
Ngā Tūtohu: Tāpirihia he Tūtohu
Kāore He Tūtohu, Me noho koe te mea tuatahi ki te tūtohu i tēnei pūkete!

MARC

LEADER 00000nam^a2200000^a^4500
001 000172467
005 20250521000000.0
009 20260310101419.301
020 |a 950-602-458-8 
037 |a Acervo ITESO - Biblioteca 
041 |a ESP 
082 |a 320. 01  |b ACC 
100 |a Accarino, Bruno  |e (autor) 
245 1 0 |a Representación /  |c B. Accarino. 
264 4 |a Buenos Aires, Argentina :  |b Nueva Visión,  |c 2003, c2003 
300 |a 175 p. 
336 |a texto  |b txt  |2 rdacontenido 
337 |a sin mediación  |b n  |2 rdamedio 
338 |a volumen  |b nc  |2 rdasoporte 
440 1 |a (Claves.  |p Problemas) 
500 |a Traducción de: Rappresentanza 
520 |a Obra sobre el concepto de representación en el pensamiento político moderno, refiriéndose tanto la representación de los derechos individuales como de los intereses colectivos. A su vez, analiza las crisis actuales de instituciones representativas como parlamentos y partidos políticos. 
649 |a XX 
650 |a Representación Política -  |x Teoría 
650 |a Democracia 
650 |a Parlamentarismo 
650 |a Instituciones Políticas 
650 |a Filosofía Política 
650 |a Política -  |x Teoría 
910 |a Fondo General 
920 |a Impresos - Libros 
930 |a Colección General 
905 |a 101 
901 |a 0500110908  |b IT1  |c ACC  |u 20250521 
902 |a https://opac.biblio.iteso.mx/vufind/Record/000172467